| 000 | 00515cam a2200217 4500 | ||
|---|---|---|---|
| 001 | D845 | ||
| 008 | 090401t1978 xxu||||| |||| 00| 0 eng d | ||
| 035 | _a(Sirsi) u48415 | ||
| 041 | _aeng | ||
| 050 | _a346.410432 | ||
| 100 | _aAldridge, Trevor M. | ||
| 245 | _aBoundaries, walls and fences. | ||
| 250 | _a4th | ||
| 260 |
_aLondon _bOyez Publishing Ltd _c1978 |
||
| 300 | _aviii. 70p. 21cm | ||
| 350 | _a3.95 | ||
| 490 | _aOyez Practice Notes | ||
| 520 | _aShelf 305 | ||
| 942 | _n0 | ||
| 948 | _c04/03/1997 | ||
| 999 |
_c92333 _d92333 |
||